[Event "POL-chT 2nd League"]
[Site "Jastrzebia Gora"]
[Date "2023.09.09"]
[Round "8.126"]
[White "Dziopa, Malgorzata"]
[Black "Lukasiewicz, Anna"]
[Result "0-1"]
[WhiteElo "1727"]
[BlackElo "1805"]
[PlyCount "132"]
[EventDate "2023.09.02"]
[EventType "team-swiss"]
[EventRounds "9"]
[EventCountry "POL"]
[SourceTitle "EXT 2024"]
[Source "ChessBase"]
[SourceDate "2023.10.10"]
[SourceVersion "1"]
[SourceVersionDate "2023.10.10"]
[SourceQuality "1"]
[WhiteTeam "Lubsko Caissa"]
[BlackTeam "Bydgoszcz Royal Chess"]
[WhiteTeamCountry "POL"]
[BlackTeamCountry "POL"]

1. d4 d5 2. c4 e6 3. Nc3 Be7 4. Nf3 Nf6 5. Bg5 h6 6. Bh4 0-0 7. e3 b6 8. cxd5 Nxd5 9. Bxe7 Qxe7 10. Nxd5 exd5 11. Rc1 Be6 12. Be2 c5 13. Ne5 Rc8 14. 0-0 Nd7 15. Nxd7 Qxd7 16. f3 Qb7 17. Qc2 cxd4 18. Qa4 Rxc1 19. Rxc1 dxe3 20. Qd4 Rc8 21. Qxe3 Rxc1+ 22. Qxc1 Qe7 23. Kf1 Qc5 24. Qd2 a5 25. a3 Qd6 26. g3 Bh3+ 27. Kf2 Qc5+ 28. Qe3 Be6 29. Bd3 Kf8 30. Ke2 Qxe3+ 31. Kxe3 Ke7 32. Kd4 Kd6 33. b4 axb4 34. axb4 Bd7 35. h4 Ba4 36. f4 Bd1 37. Ke3 Kc6 38. Kd4 Bf3 39. b5+ Kd6 40. Bf1 Be4 41. Bh3 Bc2 42. Bf1 f6 43. Bg2 Bb3 44. Bf1 g5 45. hxg5 fxg5 46. fxg5 hxg5 47. Bg2 Bc4 48. Bf3 Bxb5 49. Bxd5 Be2 50. Bb3 Kc6 51. Ke3 Bg4 52. Ke4 Kc5 53. Kd3 b5 54. Kc3 b4+ 55. Kd3 Bf5+ 56. Ke3 Bd7 57. Ke4 g4 58. Ke5 Bc6 59. Bd1 Bf3 60. Bb3 Be2 61. Kf5 Kd4 62. Be6 Kc3 63. Kf4 b3 64. Ke3 Bd1 65. Kf4 b2 66. Ba2 Kd2 0-1

[Event "POL-chT 1st League"]
[Site "Sypniewo"]
[Date "2022.09.09"]
[Round "7.7"]
[White "Lukasiewicz, Anna"]
[Black "Weglarz, Joanna"]
[Result "1/2-1/2"]
[WhiteElo "1928"]
[BlackElo "1923"]
[PlyCount "76"]
[EventDate "2022.09.03"]
[EventType "team-swiss"]
[EventRounds "9"]
[EventCountry "POL"]
[SourceTitle "CBM 210 Extra"]
[Source "ChessBase"]
[SourceDate "2022.11.30"]
[SourceVersion "1"]
[SourceVersionDate "2022.11.30"]
[SourceQuality "1"]
[WhiteTeam "Stara Wies Parnas"]
[BlackTeam "Bydgoszcz Hetman"]
[WhiteTeamCountry "POL"]
[BlackTeamCountry "POL"]

1. d4 d5 2. Bf4 e6 3. e3 Nf6 4. Nd2 c5 5. c3 Nbd7 6. Ngf3 Be7 7. h3 b6 8. Bb5 Bb7 9. Ne5 Qc8 10. dxc5 Bxc5 11. Nxd7 Nxd7 12. Qg4 Kf8 13. Qg3 f6 14. Bd6+ Kf7 15. Nb3 Bxd6 16. Qxd6 Rd8 17. Qg3 Nc5 18. 0-0 Nxb3 19. axb3 a5 20. Ra4 Ba6 21. Bxa6 Rxa6 22. Qh4 Kg8 23. Qh5 Ra7 24. b4 Qd7 25. Rfa1 Rda8 26. Qg4 Kf7 27. Qh5+ Kg8 28. bxa5 Rxa5 29. Rxa5 Rxa5 30. Rxa5 bxa5 31. e4 g6 32. Qf3 Kg7 33. exd5 exd5 34. Qe3 a4 35. h4 Qb7 36. Qd2 h5 37. g3 Qb3 38. Qe2 Kf7 1/2-1/2

[Event "POL-chT 1st League"]
[Site "Sypniewo"]
[Date "2022.09.04"]
[Round "2.4"]
[White "Lukasiewicz, Anna"]
[Black "Kulon, Klaudia"]
[Result "0-1"]
[WhiteElo "1928"]
[BlackElo "2253"]
[PlyCount "102"]
[EventDate "2022.09.03"]
[EventType "team-swiss"]
[EventRounds "9"]
[EventCountry "POL"]
[SourceTitle "CBM 210 Extra"]
[Source "ChessBase"]
[SourceDate "2022.11.30"]
[SourceVersion "1"]
[SourceVersionDate "2022.11.30"]
[SourceQuality "1"]
[WhiteTeam "Stara Wies Parnas"]
[BlackTeam "Wrzos Miedzyborow"]
[WhiteTeamCountry "POL"]
[BlackTeamCountry "POL"]

1. d4 d5 2. Nf3 Nf6 3. c4 e6 4. Nc3 c6 5. Qb3 Be7 6. Bg5 0-0 7. e3 h6 8. Bh4 dxc4 9. Bxc4 b5 10. Be2 a6 11. 0-0 Nbd7 12. Rfd1 Bb7 13. Rac1 Qb6 14. Ne5 g5 15. Bg3 c5 16. Nxd7 Nxd7 17. d5 c4 18. Qc2 Nc5 19. Be5 Rfd8 20. dxe6 Qxe6 21. Bd4 Rac8 22. h3 f5 23. Bxc5 Bxc5 24. a4 Kg7 25. axb5 axb5 26. Nxb5 Qc6 27. Bf3 Qxb5 28. Bxb7 Qxb7 29. Rxd8 Rxd8 30. Qxc4 Be7 31. Qe6 Qd7 32. Qa6 Qd2 33. Rc7 Rd7 34. Rxd7 Qxd7 35. g3 Qd1+ 36. Kg2 Qb3 37. Qa7 Kf7 38. Qd4 Bf6 39. Qd7+ Kg6 40. Qe8+ Qf7 41. Qc6 Qe7 42. Qb5 Qe4+ 43. Kg1 h5 44. b4 h4 45. gxh4 f4 46. hxg5 fxe3 47. fxe3 Qxe3+ 48. Kg2 Qe4+ 49. Kf1 Qf3+ 50. Kg1 Bd4+ 51. Kh2 Qf2+ 0-1

[Event "Polanica Zdroj op-B 58th"]
[Site "Polanica Zdroj"]
[Date "2022.08.17"]
[Round "5"]
[White "Rogala, Milosz"]
[Black "Lukasiewicz, Anna"]
[Result "0-1"]
[WhiteElo "1837"]
[BlackElo "1954"]
[PlyCount "74"]
[EventDate "2022.08.13"]
[EventType "swiss"]
[EventRounds "9"]
[EventCountry "POL"]
[SourceTitle "CBM 210 Extra"]
[Source "ChessBase"]
[SourceDate "2022.11.30"]
[SourceVersion "1"]
[SourceVersionDate "2022.11.30"]
[SourceQuality "1"]

1. e4 c5 2. Nc3 Nc6 3. f4 g6 4. Nf3 Bg7 5. Bc4 d6 6. 0-0 e6 7. d3 Nge7 8. a3 a6 9. Ba2 0-0 10. Be3 Nd4 11. Rb1 b5 12. Ne2 Nxf3+ 13. Rxf3 Bb7 14. Ng3 Rc8 15. Rf2 d5 16. f5 exf5 17. exf5 Nxf5 18. Nxf5 gxf5 19. Rxf5 d4 20. Bg5 Qd6 21. Qg4 Qg6 22. Rbf1 c4 23. h4 h5 24. Qh3 f6 25. Bd2 Rfe8 26. R1f2 Kh8 27. Bb4 Re3 28. R5f3 cxd3 29. cxd3 Rc1+ 30. Kh2 Bxf3 31. Rxf3 Qg4 32. Qxg4 hxg4 33. Rf5 Re5 34. Rf4 f5 35. Rxd4 Re8 36. Rd7 Be5+ 37. g3 Bf6 0-1

[Event "POL-chT 2nd League"]
[Site "Poronin"]
[Date "2020.09.05"]
[Round "1.2"]
[White "Guzik, Jolanta"]
[Black "Lukasiewicz, Anna"]
[Result "1/2-1/2"]
[WhiteElo "2003"]
[BlackElo "2049"]
[PlyCount "61"]
[EventDate "2020.09.05"]
[EventType "team-swiss"]
[EventRounds "9"]
[EventCountry "POL"]
[SourceTitle "CBM 198 Extra"]
[Source "ChessBase"]
[SourceDate "2020.11.30"]
[SourceVersion "1"]
[SourceVersionDate "2020.11.30"]
[SourceQuality "1"]
[WhiteTeam "Jaworzno"]
[BlackTeam "Stara Wies Parnas"]
[WhiteTeamCountry "POL"]
[BlackTeamCountry "POL"]

1. c4 Nf6 2. Nc3 g6 3. g3 Bg7 4. Bg2 0-0 5. e4 e5 6. Nge2 d6 7. d4 exd4 8. Nxd4 Nbd7 9. 0-0 Re8 10. Re1 Nc5 11. b3 a5 12. Ba3 Nfd7 13. f4 c6 14. Kh1 Qb6 15. Bb2 a4 16. Rb1 axb3 17. Nxb3 Nxb3 18. axb3 Qb4 19. Na4 Bxb2 20. Nxb2 Nf6 21. Qd4 Kg7 22. Nd3 Qd2 23. Rb2 Qa5 24. Rbb1 Qc7 25. Rb2 Be6 26. Rd2 c5 27. Qb2 Rab8 28. e5 dxe5 29. Nxe5 Rbd8 30. Red1 Rxd2 31. Rxd2 1/2-1/2

[Event "Warsaw Najdorf Memorial op-A 17th"]
[Site "Warsaw"]
[Date "2019.07.09"]
[Round "4"]
[White "Lukasiewicz, Anna"]
[Black "Bus, Konrad"]
[Result "0-1"]
[WhiteElo "2062"]
[BlackElo "2264"]
[PlyCount "52"]
[EventDate "2019.07.06"]
[EventType "swiss"]
[EventRounds "9"]
[EventCountry "POL"]
[SourceTitle "CBM 191 Extra"]
[Source "ChessBase"]
[SourceDate "2019.09.30"]
[SourceVersion "1"]
[SourceVersionDate "2019.09.30"]
[SourceQuality "1"]

1. e4 c5 2. Nf3 Nc6 3. d4 cxd4 4. Nxd4 e6 5. Nc3 Qc7 6. Be2 a6 7. 0-0 Nf6 8. Kh1 Bc5 9. Nb3 Be7 10. f4 d6 11. Bf3 0-0 12. Qe2 b5 13. a3 Bb7 14. Be3 b4 15. axb4 Nxb4 16. Na5 d5 17. Nxb7 Qxb7 18. exd5 exd5 19. Bd4 Rfe8 20. Be5 Rad8 21. Rfe1 Bd6 22. Qf2 Bxe5 23. fxe5 Nd7 24. Na4 Nxe5 25. Nc5 Qb6 26. Rxa6 Nxa6 0-1

[Event "Warsaw Najdorf Memorial op-A 17th"]
[Site "Warsaw"]
[Date "2019.07.08"]
[Round "3"]
[White "Kokoszczynski, Jan"]
[Black "Lukasiewicz, Anna"]
[Result "0-1"]
[WhiteElo "2238"]
[BlackElo "2062"]
[PlyCount "146"]
[EventDate "2019.07.06"]
[EventType "swiss"]
[EventRounds "9"]
[EventCountry "POL"]
[SourceTitle "CBM 191 Extra"]
[Source "ChessBase"]
[SourceDate "2019.09.30"]
[SourceVersion "1"]
[SourceVersionDate "2019.09.30"]
[SourceQuality "1"]

1. e4 e5 2. Nf3 Nc6 3. Bb5 a6 4. Ba4 Nf6 5. 0-0 Be7 6. Bxc6 dxc6 7. d3 Bg4 8. Nbd2 Nd7 9. Nc4 0-0 10. h3 Bxf3 11. Qxf3 Bg5 12. Qg3 Bxc1 13. Raxc1 Qe7 14. Ne3 Kh8 15. Rce1 Rae8 16. c3 Nc5 17. Nf5 Qf6 18. f4 exf4 19. Rxf4 Ne6 20. Rg4 g6 21. Ne3 Qe7 22. Rf1 Qd6 23. Qh4 Qe7 24. Qh6 Rg8 25. Kh1 Qf8 26. Qh4 Qe7 27. Qf2 Rgf8 28. e5 Qd8 29. d4 Ng7 30. Rf4 Nh5 31. Rf3 c5 32. g4 cxd4 33. cxd4 Ng7 34. Rxf7 Rxf7 35. Qxf7 Ne6 36. Kh2 Nxd4 37. Nd5 Ne6 38. Qf6+ Kg8 39. Qf7+ Kh8 40. Qf6+ Kg8 41. Qf3 Kh8 42. Nf6 Nd4 43. Qe4 Re6 44. g5 Nc6 45. Ng4 Qxg5 46. Qd5 Qe7 47. Rf8+ Qxf8 48. Qxe6 Nd4 49. Qd7 Qf4+ 50. Kh1 Qf3+ 51. Kh2 Qe2+ 52. Kh1 Qd1+ 53. Kg2 Qf3+ 54. Kh2 Qf4+ 55. Kh1 Qc1+ 56. Kh2 Qxb2+ 57. Kh1 Qc1+ 58. Kh2 Qc2+ 59. Kh1 Qc6+ 60. Qxc6 Nxc6 61. e6 Kg7 62. Kg2 h5 63. Ne3 Kf6 64. Nd5+ Kxe6 65. Nxc7+ Ke5 66. Kg3 g5 67. Ne8 b5 68. Nc7 Nb4 69. a3 Nc2 70. Nxa6 Nxa3 71. Nb4 Nc4 72. Kf3 Kf5 73. Nc6 Ne5+ 0-1

[Event "POL-chT 2nd League"]
[Site "Jastrzebia Gora"]
[Date "2018.09.02"]
[Round "2.3"]
[White "Lukasiewicz, Anna"]
[Black "Rozycki, Bartlomiej"]
[Result "0-1"]
[WhiteElo "2094"]
[BlackElo "2145"]
[PlyCount "134"]
[EventDate "2018.09.01"]
[EventType "team-swiss"]
[EventRounds "9"]
[EventCountry "POL"]
[SourceTitle "CBM 186 Extra"]
[Source "ChessBase"]
[SourceDate "2018.08.24"]
[SourceVersion "1"]
[SourceVersionDate "2018.08.24"]
[SourceQuality "1"]
[WhiteTeam "Bogatynia UKS SP3"]
[BlackTeam "Chylice Laura"]
[WhiteTeamCountry "POL"]
[BlackTeamCountry "POL"]

1. e4 c6 2. d4 d5 3. exd5 cxd5 4. Bd3 Nc6 5. c3 Qc7 6. Ne2 Bg4 7. 0-0 Nf6 8. Qe1 Bxe2 9. Qxe2 e6 10. Bg5 Bd6 11. g3 h6 12. Bxf6 gxf6 13. Nd2 0-0-0 14. b4 h5 15. b5 Na5 16. c4 dxc4 17. Bxc4 Kb8 18. Rac1 Ba3 19. Rc2 Rxd4 20. Bd3 Qd7 21. Be4 Rd8 22. Nb1 Bb4 23. Bg2 h4 24. Qf3 f5 25. a3 Be7 26. Qc3 Nc4 27. Qb3 Na5 28. Qb2 f4 29. Qc3 Nc4 30. Qb3 Nb6 31. gxf4 Rd1 32. Rc1 Rxf1+ 33. Rxf1 Qd3 34. Qxd3 Rxd3 35. Re1 Rb3 36. Bf1 Rf3 37. Re3 Rxf4 38. Nd2 Bc5 39. Rf3 Rg4+ 40. Kh1 f5 41. h3 Ra4 42. Nb3 Bd6 43. Rd3 Kc7 44. Nd4 Kd7 45. Nc2 Ke7 46. Bg2 Rc4 47. Ne3 Rc1+ 48. Rd1 Rc3 49. Re1 Kf7 50. Bxb7 Bc5 51. Kg2 Bxe3 52. Rxe3 Rxe3 53. fxe3 Nc4 54. a4 Nxe3+ 55. Kf3 Nc4 56. Kf4 Kf6 57. Bg2 e5+ 58. Kf3 e4+ 59. Kf2 Ke5 60. Bf1 Kd4 61. Be2 f4 62. Bg4 Ne5 63. a5 Kc5 64. b6 axb6 65. a6 Kc6 66. Bf5 e3+ 67. Ke2 b5 0-1

[Event "Gorzow Wielkopolski Lasker Memorial 2nd"]
[Site "Gorzow Wielkopolski"]
[Date "2018.07.04"]
[Round "3"]
[White "Lukasiewicz, Anna"]
[Black "Teclaf, Pawel"]
[Result "0-1"]
[WhiteElo "2086"]
[BlackElo "2399"]
[PlyCount "44"]
[EventDate "2018.07.02"]
[EventType "swiss"]
[EventRounds "7"]
[EventCountry "POL"]
[SourceTitle "CBM 185 Extra"]
[Source "ChessBase"]
[SourceDate "2018.07.29"]
[SourceVersion "1"]
[SourceVersionDate "2018.07.29"]
[SourceQuality "1"]

1. e4 c5 2. Nf3 d6 3. d4 cxd4 4. Nxd4 Nf6 5. Nc3 a6 6. Be2 e6 7. 0-0 Be7 8. Be3 0-0 9. Kh1 Qc7 10. f4 b5 11. a3 Bb7 12. Bf3 Nbd7 13. Qe1 Nb6 14. Rd1 Rac8 15. f5 e5 16. Nde2 Rfd8 17. g4 d5 18. Bxb6 Qxb6 19. exd5 e4 20. Nf4 exf3 21. Qxe7 Re8 22. Qb4 Rc4 0-1

[Event "Avoine op 30th"]
[Site "Avoine"]
[Date "2015.07.18"]
[Round "8"]
[White "Seret, Jean Luc"]
[Black "Lukasiewicz, Anna"]
[Result "1-0"]
[WhiteElo "2392"]
[BlackElo "2077"]
[PlyCount "79"]
[EventDate "2015.07.18"]
[EventType "swiss"]
[EventRounds "9"]
[EventCountry "FRA"]
[SourceTitle "EXT 2016"]
[Source "ChessBase"]
[SourceDate "2015.10.08"]
[SourceVersion "1"]
[SourceVersionDate "2015.10.08"]
[SourceQuality "1"]

1. e4 e5 2. Nf3 Nc6 3. c3 d5 4. d3 dxe4 5. dxe4 Qxd1+ 6. Kxd1 Bg4 7. Be2 0-0-0+ 8. Nfd2 Be6 9. Kc2 Nf6 10. f3 Nd7 11. Bc4 Bxc4 12. Nxc4 Nb6 13. Nxb6+ axb6 14. a4 Be7 15. b4 h6 16. Na3 Bg5 17. Nc4 Bxc1 18. Rhxc1 f6 19. Ne3 Ne7 20. Rd1 Rxd1 21. Rxd1 Rd8 22. Rg1 h5 23. h4 c6 24. g4 hxg4 25. fxg4 Rd7 26. g5 Ng8 27. Nf5 fxg5 28. hxg5 Kc7 29. Rh1 g6 30. Ne3 Rf7 31. Nc4 Ne7 32. Nxe5 Rf2+ 33. Kd3 Kd6 34. Nc4+ Ke6 35. Nxb6 Rg2 36. a5 Rxg5 37. Rh7 Rg3+ 38. Kc2 c5 39. b5 Re3 40. Rxe7+ 1-0

[Event "Marianske Lazne op 14th"]
[Site "Marianske Lazne"]
[Date "2015.01.24"]
[Round "9"]
[White "Vacha, Jaroslav"]
[Black "Lukasiewicz, Anna"]
[Result "0-1"]
[WhiteElo "1947"]
[BlackElo "2102"]
[PlyCount "42"]
[EventDate "2015.01.17"]
[EventType "swiss"]
[EventRounds "9"]
[EventCountry "CZE"]
[SourceTitle "CBM 164 Extra"]
[Source "ChessBase"]
[SourceDate "2015.03.02"]
[SourceVersion "1"]
[SourceVersionDate "2015.03.02"]
[SourceQuality "1"]

1. e4 c5 2. Nf3 Nc6 3. d4 cxd4 4. Nxd4 g6 5. Nc3 Bg7 6. Be3 Nf6 7. Nb3 0-0 8. f3 d6 9. Qd2 Be6 10. Nd5 Bxd5 11. exd5 Ne5 12. 0-0-0 Qc7 13. Bh6 Rfc8 14. Bxg7 Kxg7 15. c3 a5 16. f4 Nc4 17. Bxc4 Qxc4 18. Qd4 a4 19. Qxc4 Rxc4 20. Rd4 axb3 21. Rxc4 bxa2 0-1

[Event "Marianske Lazne op 14th"]
[Site "Marianske Lazne"]
[Date "2015.01.20"]
[Round "5"]
[White "Gergel, Vladimir P"]
[Black "Lukasiewicz, Anna"]
[Result "1-0"]
[WhiteElo "2232"]
[BlackElo "2102"]
[PlyCount "61"]
[EventDate "2015.01.17"]
[EventType "swiss"]
[EventRounds "9"]
[EventCountry "CZE"]
[SourceTitle "CBM 164 Extra"]
[Source "ChessBase"]
[SourceDate "2015.03.02"]
[SourceVersion "1"]
[SourceVersionDate "2015.03.02"]
[SourceQuality "1"]

1. e4 c5 2. Nf3 Nc6 3. d4 cxd4 4. Nxd4 e5 5. Nb5 d6 6. N1c3 a6 7. Na3 b5 8. Nd5 Nce7 9. c4 Nxd5 10. cxd5 Be7 11. Nc2 Nf6 12. Bd3 Bg4 13. f3 Bd7 14. 0-0 0-0 15. Be3 Nh5 16. Qd2 h6 17. g3 Nf6 18. Nb4 Nh7 19. Rac1 Bg5 20. f4 exf4 21. gxf4 Bh4 22. Nc6 Qe8 23. Qg2 f5 24. Bd4 Nf6 25. e5 Bxc6 26. Rxc6 dxe5 27. fxe5 Ng4 28. Rxf5 Rxf5 29. Bxf5 Nxe5 30. Be6+ Kh8 31. Bxe5 1-0